000 01257 a2200253 4500
003 Nust
005 20221007174358.0
010 _a 87034604
020 _a0471637572
040 _cNust
082 0 0 _a697,MCQ
100 1 _aMcQuiston, Faye C.
_986943
245 1 0 _aHeating, ventilating, and air conditioning :
_banalysis and design /
_cFaye C. McQuiston, Jerald D. Parker.
250 _a3rd ed.
260 _aNew York :
_bWiley,
_cc1988.
300 _axx, 746 p. :
_bill. ;
_c24 cm.
500 _a.
505 _aIntroduction (Page-1), Air-Conditioning Systems (Page-12), Moist Air Properties and Conditioning Processes (Page-50), Comfort and Health (Page-97), Heat Transmission in Building Structure (Page-131), Solar Radiation (Page-177)Space Heat Load (Page-206), The Cooling Load (Page-245), Fluid Flow, Pumps, and Piping Design (Page-330), Room Air Distribution (Page-390), Fans and Building Air Distribution (Page-423).Mass Transfer and the Measurement of Humidity (Page-511). Direct Contact Heat and Mass Tranfer (Page-529), Extended Surface Heat Exchangers (Page-548), Refrigeration (Page-608).
650 0 _aAir conditioning.
650 0 _aHeating.
650 0 _aVentilation.
700 1 _aParker, Jerald D.
_999522
942 _cREF
_2ddc
999 _c176050
_d176050